| 000 | 00728nam a2200217Ia 4500 | ||
|---|---|---|---|
| 005 | 20220303102423.0 | ||
| 008 | 210716s2019 xx 000 0 und d | ||
| 020 | _a9789353282967 | ||
| 040 | _cAIMIT LIBRARY | ||
| 041 | _aeng | ||
| 082 |
_a658.30015 _21st _bBANP |
||
| 100 |
_aBanerjee, Pratyush. _922470 |
||
| 245 |
_aPractical applications of HR analytics : _bstep by step guide / _cBy Pratyush Banerjee, Jatin Pandey and Manish Gupta. |
||
| 250 | _a1st ed. | ||
| 260 |
_aNew Delhi : _bSage Publications ; _c2019. |
||
| 300 |
_axxxii, 300p. ;I-4 ; _c23 cm. |
||
| 650 |
_aHuman Resource Management _922471 |
||
| 700 |
_aPandey, Jatin. _922472 |
||
| 700 |
_aGupta, Manish. _922473 |
||
| 942 |
_2ddc _cBK _e1st _k658.30015 BANP |
||
| 999 |
_c211275 _d211275 |
||